[Event "Reykjavik op"]
[Site "Reykjavik"]
[Date "2016.03.10"]
[Round "4"]
[White "Braun, Christian1111"]
[Black "Riccardi, Thomas H"]
[Result "1/2-1/2"]
[WhiteElo "2386"]
[BlackElo "2135"]
[PlyCount "157"]
[EventDate "2016.03.08"]
[EventType "swiss"]
[EventRounds "10"]
[EventCountry "ISL"]
[SourceTitle "CBM 171 Extra"]
[Source "ChessBase"]
[SourceDate "2016.04.26"]
[SourceVersion "1"]
[SourceVersionDate "2016.04.26"]
[SourceQuality "1"]

1. e4 c5 2. Nf3 e6 3. d4 cxd4 4. Nxd4 Nc6 5. Nc3 Qc7 6. Be2 a6 7. Be3 b5 8. Nxc6 Qxc6 9. e5 Bb7 10. Bf3 Qc7 11. Bxb7 Qxb7 12. Qg4 Qc7 13. Qe4 Rd8 14. 0-0-0 f5 15. Qd4 Ne7 16. f4 Nc6 17. Qb6 Qxb6 18. Bxb6 Rb8 19. Bc7 Rb7 20. Bd6 Bxd6 21. Rxd6 g5 22. fxg5 Kf7 23. Re1 h6 24. g4 fxg4 25. Ne4 Kg6 26. gxh6 Nxe5 27. Nc5 Nf3 28. Re2 Rc7 29. Nxd7 Kxh6 30. Ne5 Kg5 31. Nxf3+ gxf3 32. Rf2 e5 33. Rxf3 Rxh2 34. c3 b4 35. Rd8 Kg4 36. Rf1 bxc3 37. Rg8+ Kh4 38. b3 Rd7 39. Rfg1 Rh7 40. a3 c2 41. R8g4+ Kh5 42. Rg5+ Kh4 43. Rxe5 Rh3 44. Re4+ Kh5 45. Rb4 Rc7 46. Rb8 Rc6 47. Rh8+ Rh6 48. Rxh6+ Kxh6 49. Kxc2 Rf3 50. Rg4 Kh7 51. a4 Kh6 52. Rb4 Rf6 53. a5 Kg7 54. Rb6 Kf7 55. b4 Re6 56. b5 Re5 57. bxa6 Rxa5 58. Rh6 Kg7 59. Rc6 Kf7 60. Rh6 Kg7 61. Rb6 Kf7 62. Kc3 Ke7 63. Kb4 Ra1 64. Kb5 Kd7 65. Rb7+ Kc8 66. Kb6 Rb1+ 67. Ka7 Ra1 68. Rb4 Kc7 69. Rc4+ Kd7 70. Kb7 Rb1+ 71. Ka8 Ra1 72. a7 Rb1 73. Rc2 Rb3 74. Rh2 Rb1 75. Rh8 Kc7 76. Rb8 Ra1 77. Rb2 Rc1 78. Rb7+ Kc8 79. Rc7+ 1/2-1/2

[Event "US Open-116"]
[Site "Phoenix"]
[Date "2015.08.05"]
[Round "5"]
[White "Ramirez Alvarez, Alejandro"]
[Black "Riccardi, Thomas H"]
[Result "1-0"]
[WhiteElo "2586"]
[BlackElo "2110"]
[PlyCount "47"]
[EventDate "2015.08.01"]
[EventType "swiss"]
[EventRounds "9"]
[EventCountry "USA"]
[SourceTitle "CBM 167 Extra"]
[Source "ChessBase"]
[SourceDate "2015.09.14"]
[SourceVersion "1"]
[SourceVersionDate "2015.09.14"]
[SourceQuality "1"]

1. Nf3 c5 2. b3 Nf6 3. Bb2 e6 4. g3 b6 5. Bg2 Bb7 6. c4 Be7 7. 0-0 0-0 8. e3 d5 9. Qe2 Nc6 10. Rd1 Qc7 11. Nc3 Rac8 12. cxd5 exd5 13. d4 Rfd8 14. Rac1 Nb4 15. Nb5 Ba6 16. a4 Qb7 17. Bh3 Rc7 18. Ne5 Ne4 19. dxc5 bxc5 20. Qg4 Bxb5 21. Nc6 Bf6 22. Nxd8 Bd7 23. Qxd7 Rxd7 24. Nxb7 1-0

[Event "Philadelphia National op 38th"]
[Site "Philadelphia"]
[Date "2007.11.24"]
[Round "4"]
[White "Riccardi, Thomas H"]
[Black "Mc Cartney, Patrick"]
[Result "1-0"]
[WhiteElo "2103"]
[BlackElo "2182"]
[PlyCount "145"]
[EventDate "2007.11.23"]
[EventType "swiss"]
[EventRounds "6"]
[EventCountry "USA"]
[SourceTitle "EXT 2012"]
[Source "ChessBase"]
[SourceDate "2011.11.24"]
[SourceVersion "1"]
[SourceVersionDate "2011.11.24"]
[SourceQuality "1"]

1. e4 e6 2. d4 d5 3. Nc3 dxe4 4. Nxe4 Bd7 5. Nf3 Bc6 6. Bd3 Nd7 7. 0-0 Ngf6 8. Re1 Nxe4 9. Bxe4 Bxe4 10. Rxe4 Nf6 11. Re1 c6 12. Qe2 Be7 13. Bf4 0-0 14. c4 Re8 15. Rad1 Bb4 16. Rf1 Bf8 17. a3 Qa5 18. Rfe1 Qf5 19. Qd2 h6 20. Re5 Qh7 21. Rde1 Bd6 22. R5e2 Bxf4 23. Qxf4 Rad8 24. Ne5 Re7 25. Re3 Nd7 26. Ng4 Nf8 27. Rg3 Ng6 28. Qd2 h5 29. Rh3 Red7 30. Qg5 h4 31. Rd3 Rxd4 32. Qxd8+ Rxd8 33. Rxd8+ Nf8 34. Ne5 Qc2 35. Nd7 Qxb2 36. Nxf8 Qc3 37. Red1 Qxc4 38. Nxe6+ Kh7 39. Ng5+ Kg6 40. Nf3 Qa4 41. R1d3 c5 42. Ne5+ Kf6 43. Nd7+ Kg6 44. h3 c4 45. Ne5+ Kf6 46. Ng4+ Kg6 47. R3d4 Qxa3 48. Ne5+ Kf6 49. Nxc4 Qc1+ 50. Kh2 g5 51. R8d6+ Kg7 52. Rd7 Qe1 53. Nd6 Qe5+ 54. f4 Qe1 55. Rxf7+ Kg8 56. Re4 Qxe4 57. Nxe4 Kxf7 58. Nxg5+ Kg6 59. Ne4 Kf5 60. Nd6+ Kxf4 61. Nxb7 a6 62. g3+ hxg3+ 63. Kg2 Kg5 64. Kxg3 Kh5 65. h4 Kh6 66. Kg4 Kg6 67. h5+ Kh6 68. Na5 Kh7 69. Kg5 Kg7 70. h6+ Kh7 71. Kh5 Kg8 72. Kg6 Kh8 73. Nb7 1-0